000
00267nam a22001337a 4500
008
170918b xxu||||| |||| 00| 0 eng d
020
_a
0913232467
041
_a
eng
080
_a
7
100
_a
44
101
_a
ART
245
_a
DRAW!
_c
HANKS,K
942
_2
udc
_c
BK
999
_c
27915
_d
27915